Skip to content
Inicio
Centros participantes
Catálogo
Servicios
Contacto
Login
English
Deutsch
Español
Français
Italiano
日本語
Nederlands
Português
Português (Brasil)
中文(简体)
中文(繁體)
Türkçe
עברית
Gaeilge
Cymraeg
Ελληνικά
Català
Euskara
Русский
Čeština
Suomi
Svenska
polski
Dansk
slovenščina
اللغة العربية
বাংলা
Galego
Tiếng Việt
Hrvatski
हिंदी
Հայերէն
Українська
Sámegiella
Language
All Fields
Title
Author
Subject
Call Number
ISBN/ISSN
Tag
Find
Advanced
La masacre en El Salvador como...
Cite this
Email this
Print
Export Record
Export to RefWorks
Export to EndNoteWeb
Export to EndNote
Save to List
Permanent link
Add first rating
La masacre en El Salvador como método de represión y terror político
Saved in:
Bibliographic Details
Corporate Author:
Unidad de trabajadores de la cultura de El Salvador (UTRACES)
Format:
Text
Published:
San Salvador:
UTRACES
Tags:
Add Tag
No Tags, Be the first to tag this record!
Holdings
Description
Comments
Similar Items
Staff View
MARC
LEADER
00000 a a2200000 04500
001
21202
003
040
090
|a
092300
110
|a
Unidad de trabajadores de la cultura de El Salvador (UTRACES)
245
|a
La masacre en El Salvador como método de represión y terror político
260
|a
San Salvador:
|b
UTRACES
300
|a
9 p.
999
|c
12484
|d
12484
Similar Items
Desarrollo capitalista y crisis de dominación en América Central /
by: Murga Frassinetti, Antonio
Honduras. Autoridad civil-poder militar: violaciones de los derechos humanos en la década de 1980
Panamá: puente de riqueza ajena bajo el paraguas del Pentágono
by: Leis R, Raúl Alberto
Psychological impacts of exile. Salvadoran and guatemalan families in Mexico /
by: Bottinelli, María Cristina
Nicaraguan refugees in Costa Rica: adjustment to camp life
by: Pacheco Oreamuno, Gilda